<?xml version="1.0" encoding="UTF-8"?>
<record
    xmlns:xsi="http://www.w3.org/2001/XMLSchema-instance"
    xsi:schemaLocation="http://www.loc.gov/MARC21/slim http://www.loc.gov/standards/marcxml/schema/MARC21slim.xsd"
    xmlns="http://www.loc.gov/MARC21/slim">

  <leader>02432njm a2200421Ia 4500</leader>
  <controlfield tag="001">82957</controlfield>
  <controlfield tag="003">IT-RoPAU</controlfield>
  <controlfield tag="005">20220918181118.0</controlfield>
  <controlfield tag="008">131025s9999    xx            000 0 und d</controlfield>
  <datafield tag="040" ind1=" " ind2=" ">
    <subfield code="a">IT-RoPAU</subfield>
  </datafield>
  <datafield tag="040" ind1=" " ind2=" ">
    <subfield code="c">IT-RoPAU</subfield>
  </datafield>
  <datafield tag="041" ind1=" " ind2=" ">
    <subfield code="a">BRASILIANO</subfield>
  </datafield>
  <datafield tag="999" ind1=" " ind2=" ">
    <subfield code="c">99601</subfield>
    <subfield code="d">99601</subfield>
  </datafield>
  <datafield tag="999" ind1=" " ind2=" ">
    <subfield code="b">n.d.</subfield>
  </datafield>
  <datafield tag="100" ind1=" " ind2=" ">
    <subfield code="a">AA.VV.</subfield>
    <subfield code="9">794</subfield>
  </datafield>
  <datafield tag="100" ind1=" " ind2=" ">
    <subfield code="e">Autore musica</subfield>
    <subfield code="9">26230</subfield>
  </datafield>
  <datafield tag="100" ind1=" " ind2=" ">
    <subfield code="g">Codice autore musica SPICS: 12000</subfield>
    <subfield code="9">796</subfield>
  </datafield>
  <datafield tag="245" ind1=" " ind2=" ">
    <subfield code="a">O tempo nao para</subfield>
  </datafield>
  <datafield tag="250" ind1=" " ind2=" ">
    <subfield code="a">1a ed.</subfield>
  </datafield>
  <datafield tag="260" ind1=" " ind2=" ">
    <subfield code="a">BRASILE</subfield>
  </datafield>
  <datafield tag="260" ind1=" " ind2=" ">
    <subfield code="b">POLYGRAM</subfield>
    <subfield code="c">1988 [1a Ed.:1988 - Ed. Lingua Orig.: 1988]</subfield>
  </datafield>
  <datafield tag="300" ind1=" " ind2=" ">
    <subfield code="a">DISCO</subfield>
  </datafield>
  <datafield tag="500" ind1=" " ind2=" ">
    <subfield code="a">Musica brasiliana, folk</subfield>
  </datafield>
  <datafield tag="505" ind1=" " ind2=" ">
    <subfield code="a">Vida louca vida - Boas novas - Ideologia - Todo amor que houver nessa vida - Codinome beija flor - O tempo nao para - So as maes sao felizes - O nosso amor a gente inventa (estoria romantica) - Exagerado - Faz parte do meus show</subfield>
  </datafield>
  <datafield tag="650" ind1=" " ind2=" ">
    <subfield code="a">MUSICA BRASILIA [DISCHI]</subfield>
    <subfield code="e">Codice MATERIA SPICS: 9950</subfield>
    <subfield code="9">26231</subfield>
  </datafield>
  <datafield tag="700" ind1=" " ind2=" ">
    <subfield code="a">Cazuza </subfield>
    <subfield code="g">Codice interprete SPICS: 28906</subfield>
    <subfield code="e">Interprete</subfield>
    <subfield code="9">26232</subfield>
  </datafield>
  <datafield tag="700" ind1=" " ind2=" ">
    <subfield code="a">Labao</subfield>
    <subfield code="g">Codice autore musica SPICS: 28907</subfield>
    <subfield code="e">Autore musica</subfield>
    <subfield code="p">Vida louca vida</subfield>
    <subfield code="9">26233</subfield>
  </datafield>
  <datafield tag="700" ind1=" " ind2=" ">
    <subfield code="a">Vilena Bernardo</subfield>
    <subfield code="g">Codice autore SPICS: 28908</subfield>
    <subfield code="e">Autore</subfield>
    <subfield code="p">Vida louca vida</subfield>
    <subfield code="9">26234</subfield>
  </datafield>
  <datafield tag="700" ind1=" " ind2=" ">
    <subfield code="a">Cazuza</subfield>
    <subfield code="g">Codice autore musica SPICS: 28906</subfield>
    <subfield code="e">Autore musica</subfield>
    <subfield code="p">Boas novas - Ideologia - Todo amor que houver nessa vida - Codinome beija flor - O tempo nao para - So as maes sao felizes - O nosso amor a gente inventa - Exagerado - Faz parte do meus show</subfield>
    <subfield code="9">26235</subfield>
  </datafield>
  <datafield tag="700" ind1=" " ind2=" ">
    <subfield code="a">Frejat</subfield>
    <subfield code="g">Codice autore musica SPICS: 28909</subfield>
    <subfield code="e">Autore musica</subfield>
    <subfield code="p">Ideologia - Todo amor que houver nessa vida - So as maes sao felizes</subfield>
    <subfield code="9">26236</subfield>
  </datafield>
  <datafield tag="700" ind1=" " ind2=" ">
    <subfield code="a">Arias</subfield>
    <subfield code="g">Codice autore musica SPICS: 28910</subfield>
    <subfield code="e">Autore musica</subfield>
    <subfield code="p">Codinome beija flor</subfield>
    <subfield code="9">26237</subfield>
  </datafield>
  <datafield tag="700" ind1=" " ind2=" ">
    <subfield code="a">Neves Ezequiel</subfield>
    <subfield code="g">Codice autore testo/musica SPICS: 28911</subfield>
    <subfield code="e">Autore testo/musica</subfield>
    <subfield code="p">Codinome beija flor - Exagerado</subfield>
    <subfield code="9">26238</subfield>
  </datafield>
  <datafield tag="700" ind1=" " ind2=" ">
    <subfield code="a">Brandao Arnaldo</subfield>
    <subfield code="g">Codice autore musica SPICS: 28912</subfield>
    <subfield code="e">Autore musica</subfield>
    <subfield code="p">O tempo nao para</subfield>
    <subfield code="9">26239</subfield>
  </datafield>
  <datafield tag="700" ind1=" " ind2=" ">
    <subfield code="a">Meanda Rogerio</subfield>
    <subfield code="g">Codice autore musica SPICS: 28913</subfield>
    <subfield code="e">Autore musica</subfield>
    <subfield code="p">O nosso amor a gente inventa</subfield>
    <subfield code="9">26240</subfield>
  </datafield>
  <datafield tag="700" ind1=" " ind2=" ">
    <subfield code="a">Reboucas</subfield>
    <subfield code="g">Codice autore testo/musica SPICS: 28914</subfield>
    <subfield code="e">Autore testo/musica</subfield>
    <subfield code="p">O nosso amor a gente inventa</subfield>
    <subfield code="9">26241</subfield>
  </datafield>
  <datafield tag="700" ind1=" " ind2=" ">
    <subfield code="a">Leoni</subfield>
    <subfield code="g">Codice autore testo/musica SPICS: 28915</subfield>
    <subfield code="e">Autore testo/musica</subfield>
    <subfield code="p">Exagerado</subfield>
    <subfield code="9">26242</subfield>
  </datafield>
  <datafield tag="700" ind1=" " ind2=" ">
    <subfield code="a">Ladeira Renato</subfield>
    <subfield code="g">Codice autore musica SPICS: 28916</subfield>
    <subfield code="e">Autore musica</subfield>
    <subfield code="p">Faz parte do meus show</subfield>
    <subfield code="9">26243</subfield>
  </datafield>
  <datafield tag="942" ind1=" " ind2=" ">
    <subfield code="c">MD</subfield>
    <subfield code="2">ddc</subfield>
  </datafield>
  <datafield tag="952" ind1=" " ind2=" ">
    <subfield code="0">0</subfield>
    <subfield code="1">0</subfield>
    <subfield code="4">0</subfield>
    <subfield code="6">82957_000000000000000</subfield>
    <subfield code="7">1</subfield>
    <subfield code="a">SPICS</subfield>
    <subfield code="b">SPICS</subfield>
    <subfield code="d">2013-10-25</subfield>
    <subfield code="l">0</subfield>
    <subfield code="o">82957</subfield>
    <subfield code="r">2013-10-25 00:00:00</subfield>
    <subfield code="w">2013-10-25</subfield>
    <subfield code="y">MD</subfield>
    <subfield code="z">Progr. Ins.: 21003 / N.Vol.: 1 / Copie: 1 - Copia rara: n.d. / date import: 01.01.2014 - By Epidotti, Trombetti, Vaglietti</subfield>
  </datafield>
</record>
